| 000 | 00617nam a2200157 i 4500 | ||
|---|---|---|---|
| 001 | 20034 | ||
| 003 | ES-MaACL | ||
| 005 | 20230906152223.0 | ||
| 007 | t| | ||
| 008 | 021114s1918 sp ||||1| spa d | ||
| 111 | 2 |
_aAsamblea del Colegio de Médicos de la Provincia de Gerona ( _n21ª. _d1918. _cCastellón de Ampurias) _921 |
|
| 245 | 1 | 0 | _aXXI asamblea anual del Colegio de Médicos de la Provincia de Gerona celebrada en 26 de agosto de 1918 en la villa de Castellón de Ampurias. |
| 260 |
_aGerona : _b[s.n.], _c1918. |
||
| 710 | 2 |
_aColegio de Médicos de la Provincia de Gerona. _92909 |
|
| 852 |
_aES-MaACL _j1568-F-2 |
||
| 999 |
_c20034 _d20034 |
||